Marine ecology and oil pollution / (Record no. 3762)

000 -LEADER
fixed length control field 00433nam a22001577a 4500
008 - FIXED-LENGTH DATA ELEMENTS--GENERAL INFORMATION
fixed length control field 200629b ||||| |||| 00| 0 eng d
020 ## - INTERNATIONAL STANDARD BOOK NUMBER
International Standard Book Number 0853344477
082 00 - DEWEY DECIMAL CLASSIFICATION NUMBER
Classification number 574.52636
Item number B1671
100 ## - MAIN ENTRY--PERSONAL NAME
9 (RLIN) 3088
Personal name Baker, J. M.
245 10 - TITLE STATEMENT
Title Marine ecology and oil pollution /
250 ## - EDITION STATEMENT
Edition statement 1st ed.
260 ## - PUBLICATION, DISTRIBUTION, ETC. (IMPRINT)
Place of publication, distribution, etc London
Name of publisher, distributor, etc Applied science
Date of publication, distribution, etc 1976
300 ## - PHYSICAL DESCRIPTION
Extent vii, 566 p.
650 #0 - SUBJECT ADDED ENTRY--TOPICAL TERM
Topical term or geographic name as entry element Oil pollution of the sea
942 ## - ADDED ENTRY ELEMENTS (KOHA)
Item type Books
Holdings
Withdrawn status Lost status Source of classification or shelving scheme Damaged status Not for loan Permanent location Current location Date acquired Full call number Barcode Date last seen Koha item type
          IMU Kolkata IMU Kolkata 2020-06-29 574.52636 B1671 06761 2020-06-29 Books
Designed and Maintained by IMU-KC Library, Kolkata Campus © Copyright All Rights Reserved

webs counters

Powered by Koha